000 01288cab a22002415a 4500
001 L143477
008 080514e20080510xxk f 000 0 eng d
035 _a(Sirsi) u143477
041 0 _aeng
100 1 _aBonye, Matthew
245 0 0 _aTake the measure of the space
260 _c2008
490 _aEstates Gazette
_v(0818) 10 May 2008, 118-120(3)
520 _aLooks at issues surrounding internal floor area measurements for the purposes of rent reviews. Argues that it is prudent to measure these areas even in the event that a lease includes an agreed figure. Gives real world examples of cases where the measurement in the lease differs from one found when measured in accordance with RICS measurement codes. Due to freedom of contract, values can be linked to other properties which are comparable, but which are not totally similar. Considers how these issues affect the drafting of leases.
590 _aKA
650 2 4 _aNATIONAL WESTMINSTER BANK PLC V ARTHUR YOUNG MCLELLAND MOORES AND CO
650 2 4 _aARGOS LTD V WB HEYWOOD LTD
650 2 4 _aARBITRATION ACT 1996
651 4 _aUnited Kingdom
_y
690 _aPROPERTY-COMMERCIAL PROPERTY-COMMERCIAL LANDLORD AND TENANT-BUSINESS TENANCIES-RENT REVIEW (BUSINESS TENANCIES)
700 1 _aSewell, Cronin
942 _n0
999 _c80201
_d80201